LEADER 02023oam 2200457zu 450 001 9910161643003321 005 20210807002144.0 010 $a0-8031-8666-5 035 $a(CKB)3170000000045454 035 $a(SSID)ssj0001490756 035 $a(PQKBManifestationID)11840926 035 $a(PQKBTitleCode)TC0001490756 035 $a(PQKBWorkID)11474387 035 $a(PQKB)11075595 035 $a(NjHacI)993170000000045454 035 $a(EXLCZ)993170000000045454 100 $a20160829d1975 uy 101 0 $aeng 135 $aur||||||||||| 181 $ctxt 182 $cc 183 $acr 200 10$aEvaluation of the Elevated Temperature Tensile and Creep-Rupture Properties of 3 to 9 Percent Chromium-Molybdenum Steels 210 31$a[Place of publication not identified]$cAmerican Society for Testing & Materials$d1975 215 $a1 online resource (211 pages) 225 1 $aASTM data series publication ;$vDS 58 300 $aBibliographic Level Mode of Issuance: Monograph 311 $a0-8031-0337-9 330 $aThis book represents a part of a continuing effort by The Metal Properties Council on behalf of the engineering community. Individuals and organizations generating additional information concerning the materials evaluated in this report, or in others in this series, are urged to make these data available to the Council for incorporation in future revisions. Address the Council at: The United Engineering Center, 345 East 47th St., New York, N.Y. 10017. 410 0$aASTM data series publication ;$vDS 58. 606 $aMetals$xEffect of high temperatures on 606 $aSteel$xCreep 615 0$aMetals$xEffect of high temperatures on. 615 0$aSteel$xCreep. 676 $a620.1623 700 $aSmith$b G$0335377 801 0$bPQKB 906 $aBOOK 912 $a9910161643003321 996 $aEvaluation of the Elevated Temperature Tensile and Creep-Rupture Properties of 3 to 9 Percent Chromium-Molybdenum Steels$91965002 997 $aUNINA LEADER 01157nas 2200361 c 450 001 9910893946303321 005 20260218112159.0 035 $a(CKB)5280000000201237 035 $a(DE-599)ZDB2826642-0 035 $a(DE-101)1073258009 035 $a(DE-599)2826642-0 035 $a(EXLCZ)995280000000201237 100 $a20150702a19979999 |y | 101 0 $aeng 135 $aur||||||||||| 181 $ctxt$2rdacontent 182 $cc$2rdamedia 183 $acr$2rdacarrier 200 10$aAnnual report and accounts / Criminal Injuries Compensation Authority $epresented to Parliament pursuant to Section 6 of the Criminal Injuries Compensation Act 1995 210 31$aEdinburgh$cThe Stationery Office$d1997- 215 $aOnline-Ressource 300 $aGesehen am 02.07.15 517 $aAnnual Report and Accounts / Criminal Injuries Compensation Authority 517 1 $aCICA annual report and accounts 608 $aZeitschrift$2gnd-content 676 $a340 801 0$b0355 801 1$bDE-101 801 2$b9999 906 $aJOURNAL 912 $a9910893946303321 996 $aAnnual report and accounts$91918715 997 $aUNINA